|
|
|
|
| LEADER |
00000nam a2200000 a 4500 |
| 001 |
vtls011747081 |
| 003 |
SK-MaSNL |
| 005 |
20260301095326.0 |
| 008 |
251112 1786 gw 000 0 lat |
| 015 |
|
|
|a SNBHFA1786
|
| 035 |
|
|
|a urn:nbn:sk:snk-am00cszj
|
| 035 |
|
|
|a urn:nbn:sk:snk-am3huov
|
| 035 |
|
|
|a 82B56F6B-AF13-4AA9-A603-D40E61A56C88
|
| 040 |
|
|
|a SNKHF
|b slo
|c SNK
|e AACR2
|
| 041 |
0 |
|
|a lat
|
| 044 |
|
|
|a gw
|c DE
|
| 072 |
|
7 |
|a 2-1
|x Prirodzená teológia. Náboženská filozofia
|2 konspekt
|
| 080 |
|
|
|a 2-1
|2 2011
|
| 100 |
1 |
|
|a Doederlein, Johann Christoph,
|d 1745-1792
|4 aut
|9 430520
|
| 245 |
1 |
0 |
|a Svmma Institvtionis Theologi Christiani In Capitibvs Religionis Theoreticis
|c In Vsvm Praelectionvm Academicarvm Editit D. Ioh. Christoph. Doederlein
|
| 260 |
|
|
|a Norimbergae Et Aldorfi
|b Apvd Georg. Petrvm Monath
|c MDCCLXXXVI. [=1786]
|
| 300 |
|
|
|a 160 s.
|c 17 cm
|
| 500 |
|
|
|a Rok vydania rímskymi číslicami
|
| 510 |
4 |
|
|a VD18
|c 10695575-003
|
| 561 |
|
|
|a Z knižnice Učenej spoločnosti malohontskej
|5 SNK ID 30054 D1
|
| 650 |
0 |
7 |
|a teológia
|2 SNKPH
|9 1814
|
| 650 |
0 |
7 |
|a náboženská filozofia
|2 SNKPH
|9 3774
|
| 710 |
2 |
|
|a Učená spoločnosť malohontská
|4 fmo
|9 205374
|
| 710 |
0 |
|
|a Monath, Georg Peter (Norimberg, Nemecko)
|4 prt
|9 374745
|
| 752 |
|
|
|a Nemecko
|d Norimberg
|
| 852 |
|
|
|a snk
|b Historické fondy
|p ID 30054 D1
|
| 958 |
|
|
|a ONDV
|
| 999 |
|
|
|c 682805
|d 684735
|
| 952 |
|
|
|t MHC II.B.d.66
|a SNK
|b SNK
|c SNK_HF
|y PREZ
|7 0
|p 17A1300067
|o snkID 30054 D1
|i snk2018/6783
|8 5
|0 0
|1 0
|4 0
|d 2018-03-20
|f 1
|l 0
|r 2026-02-23 20:02:30
|w 2026-02-23
|